00567nam a2200157 a 450000100100000000500170001000800410002702000150006804000250008308200150010810000280012324500940015126000340024595201130027999900170039200003655820200930075810.0120120s1993 mx 000 0 spa d a9686223967 aDO-SdBNPbspacBNPHU axxxxbxxxx1 aLorino, Philippe96281913aEl control de gestión estratégico :bla gestión por actividades /cPhilippe Lorino. aMéxico :bAlfaomega,c1993. 001050718MOaGRbGRcHDd2012-01-20iLF1l0oxxxx xxxxp36558-10r2020-06-25w2020-06-25y1ZNo se presta c36049d36049